Die größten Städte in Ägypten - Statistiken

Allgemein
  • Dieses Quiz wurde 79 mal gespielt
  • Das Durchschnittsergebnis liegt bei 8 aus 30
Antwortstatistiken
Einwohner Stadt % Korrekt
298.343 Neu-Kairo
100%
5.039.975 Alexandria
98%
9.153.135 Kairo
98%
243.817 Luxor
73%
4.146.340 Gizeh
68%
321.761 Assuan
53%
191.511 Hurghada
52%
751.073 Port Said
35%
660.592 Sues
24%
508.754 Tanta
15%
386.372 Ismailia
14%
548.259 al-Mansura
12%
462.061 Asyut
11%
235.867 Bani Suwaif
11%
282.879 Damiette
11%
236.624 Qina
11%
245.478 al-Minya
9%
262.505 Damanhur
9%
475.139 Fayyum
9%
219.442 Madinat al-Aschir min Ramadan
9%
350.018 Madinat as-Sadis min Uktubar
9%
1.165.914 Schubra al-Chaima
8%
383.703 Zagazig
8%
522.799 Mahalla al-Kubra
6%
188.550 al-Arisch
5%
177.725 Kafr asch-Schaich
3%
184.048 Mallawi
3%
459.586 al-Chusus
0%
241.434 Sauhadsch
0%
241.409 Schibin al-Kaum
0%
Keine übereinstimmenden Quizze gefunden
Verteilung der Resultate
Anzahl Personen mit jedem Resultat
Perzentil nach korrekt beantworteten Fragen
Ihre Resultats-Entwicklung
Sie haben dieses Quiz noch nicht gespielt